000 00680nam a2200217Ia 4500
003 GCL
008 140319s9999 xx 000 0 ara d
040 _aGCL /
_cGCL
082 0 4 _a811.9
_bس ا
100 1 _aسمير سرحان
245 1 0 _aاجمل ما كتب شاعر الطلاسم ايليا ابوماضى /
_cسمير سرحان
700 1 _aمحمد عنانى
300 _a116 ص
490 _aمكتبة الاسرة
_v0
650 0 4 _aالادب العربى
650 0 4 _aشعراء المهجر
650 0 4 _aشعر المهجر
650 0 4 _aالشعر العربى - دواوين وقصائد
650 0 4 _aايليا ابوماضى
942 _2ddc
_cBK
999 _c50701
_d50701